All Shopkins Seasons 1-17 - Statistics

General Stats
  • This quiz has been taken 7 times
  • The average score is 20 of 1656
Answer Stats
Answer % Correct
Apple Blossom
100%
Cheeky Chocolate
100%
Kooky Cookie
100%
Adam Apple
50%
Al Foil
50%
Ali Apple Pie
50%
Buncho Bananas
50%
Choc N' Chip
50%
Connie Console
50%
Creamy Bun Bun
50%
Cupcake Queen
50%
Dum Mee Mee
50%
Fleur Flour
50%
Fortune Stella
50%
Freda Fern
50%
Ice Cream Kate
50%
June Balloon
50%
Lippy
50%
Lippy Lips
50%
Lola Roller Blade
50%
Mike Rophone
50%
Milk Bud
50%
Natalie Noodles
50%
Opaletta
50%
Pina Pin
50%
Pina Pineapple Drink
50%
Pippa Lemon
50%
Popsi Cool
50%
Sadie Soccerball
50%
Shady
50%
Spilt Milk
50%
Strawberry Kiss
50%
Suzie Sundae
50%
Tara Tiara
50%
Toasty Pop
50%
Yolanda Yo-Yo
50%
Alana Alarm Clock
0%
Alexandra Ornament
0%
Alice Fruit Salad
0%
Allira Amethyst
0%
Almond Joy
0%
Alpha Soup
0%
Amanda Grape Jelly
0%
Amigo Burrito
0%
Andy Bandy
0%
Andy Candy
0%
Angela Angel Food Cake
0%
Angie Ankle Boot
0%
Anita Sugar Cookie
0%
Anna Canada Heels
0%
Anna Mel Cookies
0%
Anna Pajamas
0%
Anne Action
0%
Annie Orange
0%
Annie Ornament
0%
Apple Jack
0%
Apple Pie
0%
Apple Pie Alice
0%
April Apricot
0%
Arthur Asparagus
0%
Artie Choke
0%
Arturo Sombrero
0%
Arty Party Hat
0%
Asbury Raspberry
0%
Aspara-Gus
0%
Audrey Strawberry Milk
0%
Aunt Blush
0%
Aunt Easter Egg
0%
Aunt'e Claire
0%
Auntie Septic
0%
Aunt Wihelmina Wafer
0%
Babette Baguette
0%
Baby Banana
0%
Baby Bow Clip
0%
Baby Brussel
0%
Baby Cotton Ball
0%
Baby Dough Bro
0%
Baby Grand
0%
Baby Puff
0%
Baby Swipes
0%
Baby Tooth
0%
Baci Gelati
0%
Bagel Billy
0%
Bailey Baseball Glove
0%
Balletta Slippers
0%
Banana Splitty
0%
Barb B Que
0%
Barbie Breakfast Muffin
0%
Barney Bun
0%
Barry Blue Jell-O
0%
Bart Beans
0%
Barty Bagel
0%
BBCute Pringle
0%
BDay Cake Loops
0%
Beachly Basket
0%
Bebe Pepperoni
0%
Becky Backpack
0%
Becky Balloon
0%
Becky Birthday Cake
0%
Beef E. Pot Pie
0%
Beefy Frank
0%
Bek Backpack
0%
Belinda Blender
0%
Bella Basil and Lil' Leaf
0%
Bella Basket
0%
Bella La Ball
0%
Bella Mozzarella
0%
Bellinda Sweater
0%
Berry Big Sister
0%
Berry Breyers
0%
Berry Cute Snacks
0%
Berry Delightful
0%
Berry French Toast
0%
Berry Lea Louis
0%
Berry Nice Pancakes
0%
Berry Pop Tart
0%
Berry Smoothie
0%
Berry Sweet Lolly
0%
Berry Tubs
0%
Bertha Bath
0%
Bessie Bowl
0%
Bessie Brush
0%
Bessy Baseball
0%
Bethany Broccoli
0%
Betsy Butter
0%
Betsy Buttercup
0%
Betsy Sweet Lemonade
0%
Bettina Bag
0%
Betty Boot
0%
Betty Bouquet
0%
Betty Cassette
0%
Beverley Heels
0%
Bianca Banana
0%
Bianca Boater Hat
0%
Big Daddy Loo
0%
Big Sis Sammyl
0%
Big Topping
0%
Billy Bandage
0%
Billy Blue
0%
Birdy Blossom Cake
0%
Birthday Betty
0%
Birthday Cakey
0%
Birthday Kate Bite
0%
Bitzy Biscuit
0%
Black Bean Patty
0%
Black Raspberry Breyers
0%
Blake Forest Cake
0%
Bling Unicorn Ring
0%
Blockey
0%
Blocky
0%
Blocky Ice Cube
0%
Blow-Anne
0%
Blushing Baby
0%
Blushy Brush
0%
B. Mine Valentine
0%
B. Nana Split
0%
Bobby Brownie
0%
Bobby Bubble Gum
0%
Bobby Goggles
0%
Bobby Sock
0%
Bolly Bangles
0%
Bondi Bathing Box
0%
Bone-adette
0%
Bonetta Cupcake
0%
Boni Bonsai
0%
Bonita Basket
0%
Bonnie Beret
0%
Bonnie Boom Box
0%
Boo Hoo Bandage
0%
Boo-Hoo Onion
0%
Bop Top
0%
Bottle Pop
0%
Bowla Fruits
0%
Bowl-inda Popcorn
0%
Bowl O' Bananas
0%
Bread Crumbs
0%
Bread Head
0%
Breaky Crunch
0%
Bree Birthday Cake
0%
Bree Freshener
0%
Brenda Blender
0%
Brenda Brooch
0%
Brenda Brush
0%
Briana Banana Smoothie
0%
Bridgette Bagdot
0%
Bridie Basil
0%
Brimmy
0%
British Ben
0%
Britney Bag
0%
Brittney Brownie
0%
Bryan Boysenberry
0%
Bryce Cookie Slice
0%
Bryce Diced Tomato
0%
Bryony Brush
0%
Bubba Bubbles
0%
Bubble Cupcake
0%
Bubble Gum Sweetheart
0%
Bubbles
0%
Bubble Tubs
0%
Bubblicious
0%
Buck Dollar
0%
Bucket O'Bill
0%
Bun Bun Slipper
0%
Burt House
0%
Butter Bob
0%
Buttercup
0%
Buttercup Pancakes
0%
Butterscotch Buddies
0%
Button Mushroom
0%
Cafe Cruz
0%
Caitlyn Ketchup
0%
Cake Pop
0%
Calista Cake
0%
Calvin Cupcake
0%
Cam Camera
0%
Cam Corder
0%
Camile Cream Cookie
0%
Camilla Cat Stand
0%
Can-Can Croissant
0%
Cancun Cupcake
0%
Can D. Corn
0%
Candicake
0%
Candice Candle
0%
Candi Cotton
0%
Candy Apple
0%
Candy Bowl
0%
Candy Cookie
0%
Candy Hearts Cupcake
0%
Candy Kisses
0%
Candy Wrapper
0%
Canuck Cocoa
0%
Cappella Cupcake
0%
Captain Zoom
0%
Cara Carrot Cake
0%
Cara Cookie
0%
Carla Cone
0%
Carlo Coffee Pot
0%
Carly Cake
0%
Carly Cupcake
0%
Carmella Caramel Breyers
0%
Carmel Sauce
0%
Carmel Topping
0%
Carmen La Creme
0%
Carol Cracker
0%
Carole Cake
0%
Carrie Backpack
0%
Carrie Bag
0%
Carrie Carrot Cake
0%
Carrie Case
0%
Carrie Clutch
0%
Carrie Oki
0%
Carrotta Cake
0%
Casper Cap
0%
Cassidy Camera
0%
Cassie Caster Sugar
0%
Cassie Lassi
0%
Caterina Hat
0%
CC Crunch N' Munch
0%
Celeste Rainbow Dress
0%
Celeste Zest Cake
0%
Celia Strawberry Spread
0%
Celina Crepe
0%
Celine Cupcake Shoe
0%
Cha and Chi Duoz
0%
Cha-Cha Choco Pudding
0%
Chantel Shoe
0%
Chap-Elli
0%
Charli Chocblock
0%
Charlie Cheese
0%
Charlie Cheesecake Crumble
0%
Charlie Cherry Juice
0%
Charlie Choc and Lily Vanilla
0%
Charlie Hot Choc
0%
Charlotte Heart Cake
0%
Charlotte Shades
0%
Charmin' Chocolates
0%
Chatter
0%
Cheddar
0%
Cheddar Pringle
0%
Cheeky Cherries
0%
Cheery Churro
0%
Cheese Kate
0%
Cheese Louise
0%
Cheesey Mac
0%
Cheesy Bub
0%
Cheesy Twinzies
0%
Chee Zee
0%
Cheezey B
0%
Cheez It
0%
Chelsea Charm
0%
Chelsea Cheez
0%
Cheri Choc Chip Bread
0%
Cheri Chocolate
0%
Cherie Tomatoe
0%
Cheri Grape Juice
0%
Cherry-Anne
0%
Cherry Cake
0%
Cherry Nice Cupcake
0%
Cherry Nice Lemonade
0%
Cherry Pop Tart
0%
Cherry Vanilla Breyers
0%
Chester Cheddar
0%
Chester Cheesecake
0%
Chico Amigo
0%
Chico Chilli
0%
Chico Pyramid
0%
Chido Chills
0%
Chili Momma and Hot Tot
0%
Chilli-anne Ice Cream
0%
Chilli Peppa
0%
Chilly and Milly
0%
Chilly The Kid
0%
Chipper ChocChip
0%
Chloe Clown Shoe
0%
Chloe Club Crisps
0%
Chloe Comb
0%
Chloe Cupcake Bag
0%
Chloe Flower
0%
Choc Buds
0%
Choc Chad
0%
Choc Chips
0%
Choc E. Claire
0%
Choc E. Tubs
0%
Choc Frost
0%
Choc-Kate Sundae
0%
Choc Kiss
0%
Chocky Box
0%
Chocky Croissant
0%
Choc Mint Breyers
0%
Choc Mint Charlie
0%
Choco Dough Pop Tart
0%
Chocolate Cake Jake
0%
Chocolate Ma
0%
Chocolaty Popsy Pals
0%
Choco Lava
0%
Choco-Lee Cupcake
0%
Choco Taco
0%
Choco Toasties
0%
Choco Waffle
0%
Choc Pie
0%
Choppy Chipotle
0%
Chris P Crackers
0%
Chrissie Carol Dress
0%
Chrissy Cream
0%
Chrissy Present
0%
Christy Candy
0%
Chucho Chilli Sauce
0%
Cindy Apple Nutri Grain
0%
Cindy Bon
0%
Cindy Centerpiece
0%
Cindy Cereal
0%
Cinnamom and Mini Cindi
0%
Cinnamon Pete
0%
Cinnamon Sally
0%
Cinna Toasties
0%
Cinna Waffle
0%
Claire Chair
0%
Claire Eclair
0%
Claire Straightener
0%
Classic Klondike
0%
Classy Caesar
0%
Claudia Cake
0%
Cleo Cookie Cake
0%
Clicky Mouse
0%
Clinton Krispie
0%
Clive and Ian Philly Dip
0%
Clutch
0%
Coby Comb
0%
Coco Anna
0%
Coco Cupcake
0%
Coco Le Sips
0%
Coco Nut Bite
0%
Coconutta Donut
0%
Coco Nutty
0%
Cody Coco
0%
Coffee Drip
0%
Color Cake
0%
Colorful Clutch
0%
Comfy Chair
0%
Comfy Cushion
0%
Coney
0%
Connie Cash
0%
Connie Coin Bag
0%
Connie Fetti Pie
0%
Cookie Cream Breyers
0%
Cookie Dough Breyers
0%
Cookie Nut
0%
Cookie Sue Flay
0%
Cool Cube
0%
Cool Cutie
0%
Coolio
0%
Cool Scribbler
0%
Corey Compact
0%
Corey Cookie Bag
0%
Corey Cupcake
0%
Corinne Crackers
0%
Cornelia Ice Cream
0%
Cornelia Popcorn
0%
Cornell Mustard
0%
Corniella
0%
Corny Cob
0%
Cory Sweet Corn
0%
Cot n Andy Mentos
0%
Cotton Bubbles
0%
Cotton Candice Dress
0%
Cotton Top Cake
0%
Countess Keyia
0%
Courtney Cake
0%
Cousin Cool
0%
Cream E Cookie
0%
Creamy Biscuit
0%
Creamy Cookie Cupcake
0%
Creamy Cutie
0%
Creamy Pals
0%
Crepe Suzzane
0%
Crispy Chip
0%
Croissant d'Or
0%
Cronella Donut
0%
Crunchy Carrot
0%
Crunchy Munch
0%
Cruz Grooves
0%
Crystal Quartz
0%
Crystal Snowflake
0%
C.Salt
0%
Cuddles Snow Boot
0%
Cumquat
0%
Cupcake Bub
0%
Cupcake Chic
0%
Cupcake Crumbles
0%
Cupcake Fashionista
0%
Cupcake Petal
0%
Cupcake Princess
0%
Cupicorn
0%
Cuppa Cocoa
0%
Cuppa Cocoa Carl
0%
Curly
0%
Curly Fries
0%
Cute Boot
0%
Cute Fruit Jello
0%
Cute Scoops Breyers
0%
Cutie Compact
0%
Cutie Cream
0%
Cutie Crust
0%
Cutie O's
0%
Cutie Poop
0%
Dadda Dairy
0%
Daddy Cakes
0%
Daddy Candy
0%
Daddy Choc Block
0%
Daddy O'Pop
0%
Daddy Sweets
0%
Daisy Donut
0%
Daisy Orange Dream
0%
Dana Dance Trophy
0%
Dana Donut
0%
Danica Dress
0%
Danni Danish
0%
Dan Pancake
0%
Darci Diary
0%
Davey Wavy Pringles
0%
Dee Lightful
0%
Demi Dumpling
0%
Dennis Ball
0%
Dennis Bat
0%
Diana Diamond
0%
Diana Dress
0%
Di Mond RIng
0%
Di Monte
0%
Dinky Drink
0%
Dip N Dunk
0%
Dippy Avocado
0%
Dippy Donut
0%
Dishy Liquid
0%
Diva Designer Bag
0%
DJ Beats
0%
D'lish Donut
0%
Doggy Bowl
0%
Dollops
0%
Dolly Donut
0%
Dolores Dress
0%
Donna Donut
0%
Donnie Donut
0%
Donut Dadda
0%
Donutella Tree
0%
Dressica
0%
Dribbles
0%
Drips
0%
Dry-anne
0%
Duffa
0%
Duoz Dudes
0%
Dusty Cocoa
0%
Dusty Pan
0%
Dwight Mystery
0%
Earring Twins
0%
Edgar Eggcup
0%
Eggchic
0%
Eggo Waffle
0%
Elain-Bow Shoe
0%
Elizabeth Earring
0%
Ella Eggo
0%
Ella Mozzarella
0%
Ella Powder Puff
0%
Ella Red Velvet Cupcake
0%
Ella Tower Cake
0%
Ella Ween
0%
Elle Cake
0%
Ellen Eggo
0%
Ellen Melon
0%
Elly Album
0%
Emma Emerald
0%
English Rose
0%
Erica Eraser
0%
Eunice Unicorn Dress
0%
Fabulous Frank
0%
Fairy Crumbs
0%
Fancy Fascinator
0%
Fasta Pasta
0%
Felix Pretzel Fries
0%
Fiesta Flan
0%
Fi Fi Flour
0%
Fifi Fruit Tart
0%
Fiona Fairy Skirt
0%
Fiona Fries
0%
Firecracker Popsicle
0%
Fish Flake Jake
0%
Fishtix
0%
Fizzy Fireworks
0%
Fizzy Soda
0%
Flap Jacques
0%
Flappy Cap
0%
Flash Camera
0%
Flava Ava
0%
Flicker Candle
0%
Flippa Flops
0%
Flippy
0%
Floppy
0%
Floppy Hat
0%
Floppy Sandal
0%
Flora Floral Bouquet
0%
Flossy Donut
0%
Fluffy Buffy Shoes
0%
Fluffy Slipper
0%
Fluffy Snow Ball
0%
Fluffy Souffle
0%
Flushes
0%
Flutter Cake
0%
Francisca Fan
0%
Francis Franc
0%
Fran Fruit Hat
0%
Frank Furter
0%
Frank Givings
0%
Fran Pancake
0%
Freda Frosting
0%
Freddy FIsh 'n' Chips
0%
Freddy Fried Chicken
0%
Freddy Fried Rice
0%
Freddy Fudge Pop
0%
Freezy Bites
0%
Freezy Peazy
0%
Frenchie Toast
0%
Frenchy Perfume
0%
Frenchy Tower
0%
Frilly Tutu
0%
Frogurt
0%
Frost Ed Flakes
0%
Frosted Flakes
0%
Frost T Fridge
0%
Frosty Shaved Ice
0%
Fructuosa Plum
0%
Fruitlet Gals
0%
Fruit Loopsy
0%
Fruit Punch Fran
0%
Fruity Trio
0%
Fudgey
0%
Fudgey Stripes
0%
Fun Drum
0%
Funfetti Eddie Pancake
0%
Gabby Gamer
0%
Gabby Grape Juice Box
0%
Gabriella Grape
0%
Ga Ga Gourmet
0%
Gail Garlic and Baby Bulb
0%
Gale Scales
0%
Garlic Rose
0%
Gary Grape
0%
Gelton John
0%
Gemma Bottle
0%
Gemma Stone
0%
Gene Le'Cream
0%
Gerty Waffle Cup
0%
G. Herbert Spread
0%
Ghurty
0%
Giant Neo
0%
Gigi Gift
0%
Gigi Grape
0%
Gilberto Guitar
0%
Ginger Fred
0%
Gino Gelati
0%
Glenn Grape Juice
0%
Glimmer
0%
Goldbears Bunch
0%
Goldbears Sour
0%
Goldie Fishbowl
0%
Goldie Syrup
0%
Goldie Wedding Band
0%
Good Night Gown
0%
Goody Grapes
0%
Goo Goo Egg
0%
Googy
0%
Grace Baseball Bat
0%
Grace Grape Popsicle
0%
Gracie Birthday Cake
0%
Gracie Gifts
0%
Gracie Grape Peach
0%
Gran Grapefruit
0%
Gran Jam
0%
Grape Kelly Jell-O
0%
Grape-O-Licious Slushie
0%
Grapy Mentos
0%
Greta Sweater
0%
Gretti Spaghetti
0%
Groovy Glasses
0%
Gumball Gabby
0%
Gus Mustard
0%
Hai Lantern
0%
Haley Sweet Heart
0%
Ham and Ched
0%
Handbag Harriet
0%
Hans Accordion
0%
Happy Cherries
0%
Happy Cola Bottle
0%
Happy Cola Sour
0%
Haribo ABC Letters
0%
Haribo Dinosaurs
0%
Haribo Frogs
0%
Haribo Fruit Salad
0%
Haribo Mini Rainbow Frogs
0%
Haribo Sour S'Ghetti
0%
Haribo Twin Snakes
0%
Haribo Twin Snakes B'Berry and B'Currant
0%
Harley Headphones
0%
Harry Hamsterball
0%
Harry Hotdog
0%
Hart Funfetti
0%
Harvey Honeycomb
0%
Hattie Hat
0%
Havana Blue Cupcake
0%
Heart Lights
0%
Heartly Marshmallow
0%
Heel
0%
Heelina Frosting
0%
Heels
0%
Heely
0%
Heidi Handbag
0%
Heidi Hibiscus
0%
Helen Cherry Melon
0%
Helen Helmet
0%
Helen Melon
0%
Herb L. Teabag
0%
Hershey's Cookies 'n' Creme Bar
0%
Hershey's Milk Chocolate Bar
0%
Hi
0%
Highness Heels
0%
High Tea Helen
0%
Hillary Harp
0%
Holly Brolly Cupcake
0%
Holly Cupcake Ornament
0%
Holly Wreath
0%
Honeeey
0%
Honey Hearts
0%
Honey Pots
0%
Hot Apple Pie
0%
Hot Choc
0%
Hot Chocco
0%
Howard Powerboard
0%
Hug 'n' Snug Mittens
0%
Hula Hips
0%
Humpty Dumpling
0%
Ice and Bryce
0%
Ice Cream Cup
0%
Ice Cream Dream
0%
Ice-cream Dream (S2)
0%
Ice Cream Queen
0%
ICEE Blue
0%
Ice Pop Peewee
0%
Icy-Bowl
0%
Icy Cool Kids
0%
Ida Icing Bag
0%
Iddybiddy Donut
0%
Imma Ice Cream Cake
0%
Indie Ice Cream
0%
Ingrid Iron
0%
Iris Eyeshadow
0%
Iris Icing Sugar
0%
Isabella Ice Cream
0%
Isadora Ice Cream
0%
Itty Bitty Candy
0%
Izzy Invite
0%
Jacinda Juice
0%
Jack Caramel
0%
Jade Spade
0%
Jal A. Pringles
0%
Jana Yarn Ball
0%
Jane Frame
0%
Jan Pancake
0%
Jasmine Rice
0%
JC Juicy Pop
0%
Jeanie Beanie
0%
Jellie Bean
0%
Jelly B
0%
Jelly Snake
0%
Jemima Cake Timer
0%
Jemma Jules
0%
Jen Jug
0%
Jennifer Rayne
0%
Jenni Jelly Slice
0%
Jenny Penny
0%
Jen Yen
0%
Jerry Cherry Lime ICEE
0%
Jerry Strawberry
0%
Jersey Jug
0%
Jessie Dressing Gown
0%
Jess Jet
0%
Jess Jet Stamp
0%
Jewel E. Crown
0%
Jewelia Gem
0%
Jeweliana
0%
Jiggly Jelly
0%
Jilly Jam
0%
Jilly Jam Roll
0%
Jilly Jelly
0%
Jingle Purse
0%
Jingles Gift Bag
0%
Joanie Donut
0%
Jodie Glow Sticks
0%
Jolly Rancher Bites
0%
Jolly Rancher Cherry
0%
Jolly Rancher Watermelon
0%
JP Pop Tart
0%
Judy Fruit Cake
0%
Judy Jug
0%
Judy Jumper
0%
Juicy Orange
0%
Jules
0%
Jumbo Loops
0%
June Berry Juice
0%
Kaila Keyboard
0%
Kandy Apple
0%
Kane Sugar
0%
Karen Carrot
0%
Karlee Candy Jar
0%
Kasey Cuisine
0%
Katie Clasp
0%
Katie Skateboard
0%
Katrina Ketchup
0%
Katy Kicks
0%
Kay Cupcake
0%
Keiko Cupcake
0%
Kelly Calculator
0%
Kelly Jelly
0%
Kelly Kernels
0%
Kelly Kiwi Strawberry Juice
0%
Kelsey Compact
0%
Kerry Flutter Berry
0%
Khia Board
0%
Kiddie Cracker
0%
Kid Kandy
0%
Kiki Coconut
0%
Kiki Lime Pie
0%
Kimberly Cap
0%
Kimmy Camera
0%
King Cone
0%
Kingsley Crown
0%
Kissandra Cap
0%
Kisses Almond
0%
Kisses Hugs
0%
Kisses Milk Chocolate
0%
Kisstina Polish
0%
Kissy Kicks
0%
Kitty Catbed
0%
Kitty Flats
0%
Klondike Mini's
0%
Kosher Dill Jill
0%
Kotomi Cups
0%
Kris P Lettuce
0%
Kris P Sprinkles
0%
Kris P Strawberry
0%
Kris P. Treats Homestyle
0%
Krispy Treat Twins
0%
Kristy Krispie
0%
Krunch Klondike
0%
Krystella Sparkle
0%
Kyla Blow Dryer
0%
Kyla Crepe
0%
Kylie Cone
0%
La La Cupcake
0%
Lala Lipstick
0%
La' Lotion
0%
Lammy Lamington
0%
Lana Banana Bread
0%
Lana Lamp
0%
Lana Luggage
0%
Lara Candelabra
0%
Larry Lasagna
0%
Larry Loaf
0%
Lars Lederhosen
0%
Launa Mower
0%
Laundry-Matt
0%
Laura Lashes
0%
Leafy
0%
Leafy Lulu
0%
Leah Lime Cupcake
0%
Lee Tea
0%
Lemmy and Lime Besties
0%
Lemona and Lima
0%
Lena Tower
0%
Lenny Ade ICEE
0%
Lenny Lime
0%
Lenore and Rory Snax
0%
Leona Lemon Tree
0%
Leonie Froyo
0%
Le'Quorice
0%
Lesley Lettuce
0%
Levi Lime Jell-O
0%
Libby Lolly Jar
0%
Lidia Lounge
0%
Lil' Berry Tart
0%
Lil' Blaze
0%
Lil' Bleuets
0%
Lil' Bliss Ring
0%
Lil' Chip Cookie Sandwich
0%
Lil Flossy
0%
Lil' Globe
0%
Li Li Bubble Tea
0%
Lil' Italia
0%
Lil Jonny Rotten
0%
Lil Lenny Loaf
0%
Lil Lily Lime
0%
Lilly Lipstick
0%
Lil' Nutty
0%
Lil Red
0%
Lil' Smores
0%
Lil Softie
0%
Lil' Suds
0%
Lil' Ukulele
0%
Lil' Wedding Dress
0%
Lina Loaf
0%
Linda Layered Cake
0%
Linda Lime
0%
Linda Lipstick
0%
Lindy Lip Balm
0%
Ling Lantern
0%
Lippo
0%
Lippy Zips
0%
Lipstick Mamma
0%
Lisa Litter
0%
Little Bow Bella
0%
Little Choc Bottle
0%
Little Pet Collar
0%
Little Sipper
0%
Little Teapot
0%
Lizzy Lace-Up
0%
Lizzy Laptop
0%
Lola Cola and Very Cherry
0%
Lola Gondola
0%
Lola Lollipop
0%
Lolli Poppins
0%
Lolly Mommy
0%
Loni Loafer
0%
Loni Locket
0%
Lotta Balloons
0%
Lotta Bottle
0%
Lottie Lolly Jar
0%
Lou-Blu Berry Muffin
0%
Love-Lee Handbag
0%
Lovely Hearts Teapot
0%
Lucky Fortune Cookie
0%
Lucky Lucy Horseshoe
0%
Lucy and Lewis Fruit Dips
0%
Lucy Juice Box
0%
Luigi Lasagna
0%
Lulu Bamboo Macaron
0%
Lulu Lemonade Popsicle
0%
Lyn Gweeni
0%
Lynne Spring
0%
Lynn Flight Meal
0%
Lynn Lamp
0%
Mabel Syrup
0%
Macayla Sailor Cake
0%
Macca Roon
0%
Mackenzie Maple Donut
0%
Ma Crumbs
0%
Macy Macaroni
0%
Madame Baguette
0%
Maddie Mask
0%
Madeline Muffin
0%
Ma Flushy Brush
0%
Magnificent Mandarin
0%
Maisy Daisy
0%
Maizey Meal
0%
Majestic Heels
0%
Ma Kettle
0%
Mallory Melon Cream
0%
Mallory Watermelon Punch
0%
Mama Milkshake
0%
Mama Washalot
0%
Mamma Jelly
0%
Mamma Mousse
0%
Mandy Candy
0%
Mandy Candy Corn
0%
Mandy Mandarine
0%
Mandy Mousse
0%
Mango Chill
0%
Mango Milly
0%
Mango Pop
0%
Ma Pepper and Pepi-Corn
0%
Marabel Music Player
0%
Marcee Makeup Bag
0%
Marcia Heart Mug
0%
Marco Mango
0%
Margarina
0%
Margo Macaron
0%
Maria Moped
0%
Marianna Melon Donut
0%
Marie Macaronette
0%
Mario Meatball
0%
Marrisa Maraca
0%
Marshall and Melona
0%
Marsha Mellow
0%
Marsha Muffin
0%
Marshmallow Twirl
0%
Martha Choc Chip Muffin
0%
Marty Marshmallow Creme
0%
Marty Party Hat
0%
Mary Cranberry
0%
Mary Fairy Floss
0%
Mary-kin Cap
0%
Mary Lou Blue
0%
Mary Meringue
0%
Mary Mint Sundae
0%
Mary Muffin
0%
Mary Wishes
0%
Matt 'n' Cheese
0%
Mavis Maple Syrup
0%
Max Macaroni
0%
Max Saxophone
0%
Megan Pecan Pie
0%
Meg Boiled Egg
0%
Mei Sundae
0%
Me-La-Dee-Pop
0%
Melba Milkshake
0%
Melina Smoothie
0%
Melissa Milk
0%
Melissa Mozzarella Bites
0%
Melissa Sips
0%
Melly Grape ICEE
0%
Melody Music Note
0%
Melonette Popsicle
0%
Melonie Pips
0%
Meloni Strawberry
0%
Melon Ma
0%
Melon Minutes
0%
Melon Pop
0%
Melon Twin Tots
0%
Meltin Muffin
0%
Mel T Moment
0%
Melty Macaron
0%
Mel Umbrella
0%
Merri Cherry Slushie
0%
Merry Macaron
0%
Mia Mirror
0%
Mia Mirror Ball
0%
Mikey Marshmallow
0%
Miki Milkshake
0%
Milki Ray
0%
Milk Ma
0%
Millie Shake
0%
Milly and Molly Cake Pop
0%
Milly Mellow Swirl
0%
Milly Moose Beanie
0%
Milly Mushroom
0%
Milly Shake
0%
Mimi Macaroni
0%
Mimi Mango Jell-O
0%
Mindy Milk
0%
Mindy Mirror
0%
Mini Cotton Candies
0%
Mini Cupcakes
0%
Mini Donuts
0%
Mini Eggs
0%
Mini Gelati
0%
Mini Hotdogs
0%
Mini Ice Cubes
0%
Mini Lipsticks
0%
Mini Locks
0%
Mini Milk
0%
Mini Montreal
0%
Mini Muffin
0%
Minnie Funfetti Frosting
0%
Minnie Mintie
0%
Min T. Breyers
0%
Mintee
0%
Min T. Klondike
0%
Minty Mentos
0%
Minty Mouth Wash
0%
Minty Sundae
0%
Minty Swirl
0%
Miranda Mirror
0%
Miss Candy
0%
Miss Fizzy
0%
Miss L Toes
0%
Miss Maple Syrup
0%
Miss Minty
0%
Miss Mushy-Moo
0%
Miss O. Soup
0%
Miss Pressy
0%
Miss Sprinkles
0%
Miss Swiss
0%
Miss Twist
0%
Missy Makeup Case
0%
Mitzy Oven Mitt
0%
Mixie and Maxie
0%
Mixie and Max Snack Mix
0%
Mobile Mary
0%
Molly and Polly Pudding
0%
Molly Lolly
0%
Molly Mello Lollipop
0%
Molly Mitten
0%
Molly Moccasin
0%
Molly Mops
0%
Momma E'Claire
0%
Mommy Cakes
0%
Monica and Maria Maracas
0%
Monica Music Box
0%
Monique Macaron Cake
0%
Moo Shake
0%
Mop Top Mom
0%
Mounds
0%
Mr. Muffin
0%
Mrs. Poppy Bagel
0%
Ms. Cheese
0%
Mumma Parmesan
0%
Mumma Spagettina
0%
Mumma Sundae
0%
Mummy Fizz
0%
Mummy Melts
0%
Music Box
0%
Mystic Wishes
0%
Nana Scoops
0%
Nancy Nail Polish
0%
Nanna Bandage Box
0%
Nappy Dee
0%
Narelle Nail Polish
0%
Natalie Nail Polish
0%
Natasha Necklace
0%
Nellie Nutri Grain
0%
Nelly Polish
0%
Nel Vanilla Pudding
0%
Neo Polly Klondike
0%
Netta Knit
0%
Netti Spaghetti
0%
Nice-Cream Sandwich
0%
Nick Fruit Stick
0%
Nicola ICEE
0%
Nicole Parasol
0%
Nikki Mixie Desk
0%
Nikki Neon
0%
Nilla Slice
0%
Nina Noodles
0%
Nola Noodles
0%
Noni Notebook
0%
Nutty Butter
0%
N.Y. Cheesecake Breyers
0%
O and J Besties
0%
O.J. Kay
0%
Old Lemon Larry
0%
Olive Oil
0%
Olive Overnight Bag
0%
Olivia Oil
0%
Olivia Olive
0%
Ollie Lolly
0%
Ollie Orange Cake
0%
Onion Ring
0%
Oscar Bagel Dog
0%
Oscar Orange Dream
0%
Ozzie Cents
0%
Paco Taco
0%
Pa Cracker
0%
Paddy Pool
0%
Paige Purse
0%
Pamala Palm Tree
0%
Pamela Camera
0%
Pamela Pancake
0%
Pamela Parfait
0%
Pammy Passport
0%
Pammy Pom Pom
0%
Pancake Jake
0%
Papa Ravioli
0%
Papa Tomato
0%
Papa Toothpaste
0%
Pa'Pizza
0%
Pappa Pizza Base
0%
Paris Purse
0%
Parmesan Pete
0%
Party Plate
0%
Party Popper
0%
Patricia Parfait Glass
0%
Patsy Pasta
0%
Patti Polish
0%
Patty Cake
0%
Patty Case
0%
Patty Pam
0%
Patty Pineapple Lamp
0%
Patty Xtreme
0%
Paula Puzzle
0%
Pauline Palette
0%
Pauly Pancake Bites
0%
Peaches
0%
Peachy
0%
Peanut Poppa
0%
Pearl Perfume
0%
Pearly Purse
0%
Pecanna Pie
0%
Pedro Peso
0%
Peebee
0%
Peely Potato
0%
Pee Wee Kiwi
0%
Peggy Paper
0%
Peggy Sushi
0%
Penelope Perfume
0%
Penelope Pleats
0%
Penelope Present
0%
Penny Pencil
0%
Penny Pin
0%
Penny Pumpkin Spice
0%
Penny Purse
0%
Penny Wishing Well
0%
Peony Perfume
0%
Peppa Ronnie Pizza
0%
Peppe Pepper
0%
Peppi Mozarella
0%
Percy PC
0%
Perry Pasta Sauce
0%
Perry Pretzel Pop Tart
0%
Peta Peachy Apple Juice
0%
Peta Plant
0%
Peta Planter
0%
Peta Plunger
0%
Peta Pot Pie
0%
Peta Sneaker
0%
Peter
0%
Petite Paris
0%
Petite Perfume
0%
Petite Petals
0%
Petite Tart
0%
Peyton Perfume
0%
Philippa Flowers
0%
Philly Cheesecake
0%
Philly Swirl Cup
0%
Phoebe Fairy Top
0%
Phoebe Fork
0%
Piano Man
0%
Pia Pineapple
0%
Pickle Chip Kip
0%
Pina-Apple Donut
0%
Pinata Cupcake
0%
Pineapple Crush
0%
Pineapple Polly Cake
0%
Pineapple Sips
0%
Pinelope Krush
0%
Piney Pineapple
0%
Pinky Frosting
0%
Pinky Lemonade
0%
Pippa Fruit Dip
0%
Pippa Popcorn
0%
Pippy Pin
0%
Pixie Mix Candy
0%
Pizza Bagel Bro
0%
Pizza Will
0%
Plucky Guitar
0%
P. Nut Butter
0%
Polly Cake Pop
0%
Polly Parsley
0%
Polly Pasta
0%
Polly Perfume
0%
Polly Petal Cake
0%
Polly Piano
0%
Polly Pointes
0%
Polly Polish
0%
Polly Pool Ring
0%
Polly Popcorn
0%
Polly Pound
0%
Polly Teapot
0%
Popcorn King
0%
Pop Daddy
0%
Poppa Pete Za
0%
Poppa Pretzel
0%
Poppa Swiss
0%
Poppie Popperz
0%
Poppino
0%
Poppy and Buddy Corn
0%
Poppy Corn
0%
Poppy Froot Loops
0%
Poppy Sock
0%
Poppy Top
0%
PopRock
0%
Pops Bubble Blower
0%
Popsicle
0%
Popsy Pals
0%
Pop Tot
0%
Portia Passionfruit
0%
Posey Princess Hat
0%
Posh Pear
0%
Pot Pie Pete
0%
Potty Teapot
0%
Pouty Pullover
0%
Pret and Zel Bites
0%
Pretty Bow Kay
0%
Pretty Cake Stand
0%
Pretty Petal Purse
0%
Pretty Pink Grapefruit
0%
Pretty Puff
0%
Pretz-elle
0%
Prickles
0%
Primrose Pancakes
0%
Primrose Petal Cake
0%
Princess Purse
0%
Princess Scent
0%
Princess Sweets
0%
Pringles
0%
Prommy
0%
Pumpkin Cutie Pies
0%
Pumpkinella
0%
Pup E Brush
0%
Pup E House
0%
Queen Cake
0%
Queenie Cake
0%
Queenie Compact
0%
Queen of Berries ICEE
0%
Queen of Tarts
0%
Quilty Boot
0%
Quinn Grape Juice
0%
Radio Sue
0%
Raina Bowloon
0%
Rainbow Bite
0%
Rainbow Glow
0%
Rainbow Scent
0%
Rainbow Stack
0%
Rainbow Swirls
0%
Rainbow Wishes
0%
Ras Berry Pop Tart
0%
Raylene Rainbow
0%
Rayne-Bow
0%
Rebecca Bag
0%
Red Velvet Cupcake
0%
Reece Cheese Cracker
0%
Reese's Peanut Butter Cups
0%
Reese's Pieces
0%
Reggie Veggie Burger
0%
Reggie Veggie Dog
0%
Renatta Ravioli
0%
Renee Reddi-Whip
0%
Rhonda Ring
0%
Richie 'n' Smoothie Pudding
0%
Richie Ring Box
0%
Richie Swirl
0%
Ricky Softstix
0%
Riley Rice
0%
RIng-a-Ling
0%
RIng-a-Rosie
0%
Ring Royale
0%
Rita Remote
0%
Rita Ruler
0%
Rita Sneaker
0%
Roasty Slipper
0%
Roc E. Road Breyers
0%
Rockin' Broc
0%
Rockin' Choc
0%
Rocky Hockey Stick
0%
Rolla'Kate
0%
Rolla Tape
0%
Rolly Donut
0%
Rolly Roll
0%
Rolly Sleeping Bag
0%
Romaine Buddies
0%
Roma Tomato
0%
Ronnie Pepperoni
0%
Ropple Ice Cream
0%
Rosa Basket
0%
Rosalea
0%
Rosa Raspberry
0%
Ros Berry
0%
Rose Mary
0%
Rosie Ruby
0%
Rosy Ranch Pringles
0%
Rowena Ring Box
0%
Roxy Chock Block
0%
Roxy Ring
0%
Royal Cupcake
0%
Rub-a-Glove
0%
Ruby Earring
0%
Rudolf Sweater
0%
Runny Honey
0%
Ruthie Smoothie
0%
Sabrina Soft Serve
0%
Sadie Soda
0%
Sadie Syrup
0%
Sakura Cake
0%
Sally-Brate Cupcake
0%
Sally Scent
0%
Sally Shakes
0%
Sally Sprinkles
0%
Sami Scrambles
0%
Sami Strawberry Ice Cream
0%
Sammy Santa Hat
0%
Sammy Speaker
0%
Sam Soda
0%
Samson Sandwich
0%
Sam Soy
0%
Sandra Sandwich
0%
Sandy Cotton Candy
0%
Sandy Klondike
0%
Sandy Shut Eye
0%
Sarah Fairy Cake
0%
Sarah Softner
0%
Sara Skech-Air
0%
Sara Sweet Hearts
0%
Sasha Belt
0%
Sassi Sushi
0%
Satchel
0%
Saucy Pan
0%
Sausage Sizzle
0%
Scarlette Scoops
0%
Sconnie
0%
Scooper
0%
Scoopy One
0%
Scoopy Two
0%
Scooty Skiddo
0%
Scrubs
0%
Scuba
0%
Secret Sally
0%
Senorita Shoe
0%
Servietta
0%
Shades
0%
Shades De'Ballet
0%
Shaggy Shampoo
0%
Shaky
0%
Shampooch
0%
Shampoo Sue
0%
Shampy
0%
Shanghai Shoe
0%
Shania Ice Cream Sandwich
0%
Sharon Shoe
0%
Shelly Egg
0%
Shelly Pearl
0%
Sheri Cherry Pie
0%
Sheri Scrunchie
0%
Sherri Cherry Grape
0%
Sherry Cherry Popsicle
0%
Shirley Shirt
0%
Shirley Swirl Stix
0%
Shoes-Anne
0%
Shoes Royale
0%
Shonda Shades
0%
Shy Pie
0%
Silky
0%
Silly Chilli
0%
Silvia Slushie
0%
Silvio Soccer Ball
0%
Simon Singles
0%
Sippy Sips
0%
Sister Scoops
0%
Sister Shake
0%
Sister Squeezy
0%
Sister Sweetie
0%
Sizzles
0%
Skip and Flip Fairy Slippers
0%
Slick Breadstick
0%
Sloppy Joe
0%
Sloppy Jojo
0%
Small-Fry Pan
0%
Smarty Phone
0%
Sneaker
0%
Sneaky Sally
0%
Sneaky Sue
0%
Sneaky Wedge
0%
Snippy
0%
Snoozy Sleeping Bag
0%
Snorky
0%
Snow Crush
0%
Snowelle
0%
Snuggles Snow Boot
0%
Snug Lee Ski Jacket
0%
Snug Ugg
0%
Soda Candice
0%
Soda Pops
0%
So Grate Chocolate
0%
Sonia Sun Hat
0%
Sonny Sunscreen
0%
Sonya Soft Serve
0%
Sophie Sapphire
0%
Sophie Trophie
0%
So Sour Apple Slushie
0%
Sour Cream Pringle
0%
Sour Fiona
0%
Sour Grape Sally
0%
Sour Lemon
0%
Spark Elle
0%
Sparkly Spritz
0%
Sparky and Flicker
0%
Spencer Sponge
0%
Spicy Cheez-It
0%
Spike
0%
Spinderella
0%
Splashy Beach Ball
0%
Sponge Cake
0%
Sponge Delight
0%
Spongy Cake
0%
Sprinkle Lee Cake
0%
Squeaky Clean
0%
Squeeky Speaker
0%
Stacey Strawberry Cake
0%
Stack Le Macarons
0%
Stacks Cookie
0%
Starlet Movie Camera
0%
Starletta Shades
0%
Starry Unicorn Heels
0%
Steffi Sparkles
0%
Stella and Barry Philly Dip
0%
Stella Citrus Shoe
0%
Stella Selfie
0%
Stella Stapler
0%
Stella Streusel Pie
0%
Stiletto Stella
0%
Strawbaby
0%
Strawberries and Cream
0%
Strawberry Crumble
0%
Strawberry Jan
0%
Strawberry Mary
0%
Strawberry Pop
0%
Strawberry Top
0%
Straw Besties
0%
Straw 'n' Berry Besties
0%
Straw-Range Chupa Chups
0%
Strikey
0%
Suds
0%
Sue Sundae
0%
Sugar E. Bowl
0%
Sugar Lump
0%
Suki Sushi
0%
Summer Beach Bag
0%
Sumo Snow Ice
0%
Sun Berry Lotion
0%
Sundae Soda
0%
Sunni Brim
0%
Sunny Glasses
0%
Sunny Screen
0%
Super Celery
0%
Super Pretzel Sal
0%
Susan Fusion
0%
Sushanne
0%
Susie Sausage
0%
Suzette Sponge
0%
Suzie School Skirt
0%
Suzie Slice
0%
Suzie Sushi
0%
Suzy Salt and Lil' Pinch
0%
Suzy Singles
0%
Suzy Soda
0%
Sweeps
0%
Sweet Chills
0%
Sweet Corn
0%
Sweetie Le Peach
0%
Sweetie Pie
0%
Sweetie Scent
0%
Sweetie Sips
0%
Sweet Mama
0%
Sweet Pea
0%
Sweet Petal Cupcake
0%
Sweet Scent
0%
Sweets Honey
0%
Sweet Snacks
0%
Sweet Strawberry
0%
Sweet T. Pot
0%
Swirly Shirley
0%
Swiss Miss
0%
Swiss Roll
0%
Syd Surfboard
0%
Taco Terrie
0%
Tammy Orange Tangerine
0%
Tammy Tambourine
0%
Tammy Turtle Pie
0%
Tammy TV
0%
Tasty Toast
0%
Tayler Tee
0%
Taylor Rayne
0%
Teary Onion
0%
Teena Catfood
0%
Teeni 1
0%
Teenie Taxi
0%
Teenie TV
0%
Tegan Tea
0%
Teresa Tree
0%
Terri Tennis Ball
0%
Terry Strawberry Jell-O
0%
Tessa Teacup
0%
Tess Von Dress
0%
Theresa Three Cheese
0%
The Sk8ter Sisters
0%
Tia Ice Cream Taco
0%
Tiana Banana and Ciara Creamy
0%
Tia Pizza
0%
Tiara
0%
Ticky Tock
0%
Tico Tomato
0%
Tilly Tortelini
0%
Timmy Tomato Paste
0%
Timmy T. Shirt
0%
Tina Cream Tart
0%
Tina Tea Cup
0%
Tin'a'Tuna
0%
Tin Fizzy
0%
Ting Teapot
0%
Tinseltown Toes
0%
Tiny 2
0%
Tiny NYC
0%
Tiny Teacup
0%
Tiny Tiara Topper
0%
Tiny Tissues
0%
Tiny Toastie
0%
Tiny Tokyo
0%
Tiny Tops Cake
0%
Tiny Tree
0%
Tippy and Toes
0%
Toastie Bread
0%
Toast T. Warm
0%
Toasty Slipper
0%
Tocky Cuckoo Clock
0%
Toffy Coffee
0%
Tommy Ketchup
0%
Tommy Top Hat
0%
Tommy Tortilla Chips
0%
Toni Timer
0%
Toni Topper
0%
Tony Pepperoni
0%
Tony Tortellini
0%
Toofs
0%
Tootsie Cutie
0%
Tooty Party Blower
0%
Tori Tiger Paws
0%
Toshi Tea
0%
Toucanna Bag
0%
Tracey Makeup Case
0%
Tracey Tomato
0%
Trisha Tennis Dress
0%
Trudy Toothpaste
0%
Tubby Butter
0%
Tutucute
0%
Twilight Cloud
0%
Twinkle
0%
Twinkle Cupcake
0%
Twinkle Toes Trish
0%
Twinky Winks
0%
Twirly Spaghetti
0%
Twizzlers
0%
Twizzlers Chocolate
0%
Twizzlers Rainbow
0%
UK Cutie
0%
Uncle Eggward
0%
Uncle Otis Oatmeal
0%
Unnamed Banana Shopkin
0%
Unnamed Coin Shopkin
0%
Unnamed Hot Air Balloon Shopkin
0%
Valentina Vanilla Cake
0%
Vanessa Vanilla
0%
Vanessa Vegetables
0%
Vanilla Breyers
0%
Vanilla Choc Breyers
0%
Veronica Vase
0%
Veronica Veggie Pizza
0%
Very Berry Blu Slushie
0%
Vicki Vanilla
0%
Vicky Vac
0%
Vinny Pringles
0%
Vinny Vanilly Cupcake
0%
Viola Lyn
0%
V. Nilla Tubs
0%
Waffer Tops
0%
Waffle Sue
0%
Waggy Tag
0%
Wai V. Fan
0%
Wally Water
0%
Wally White
0%
Walter Watering Can
0%
Wanda Wafer
0%
Wanda Wand
0%
Wanita Waffle
0%
Washa
0%
Water Mel Jell-O
0%
Waverley Cupcake
0%
Wayne Coat
0%
Webster Waffle
0%
Webster Wipes
0%
Wedding Bella
0%
Wedding Shoe Sue
0%
Wedgy Wendy
0%
Wendy Washer
0%
Wendy Watermelon Popsicle
0%
Wendy Wavy Classic
0%
Wendy Wedding Cake
0%
Wendy Whoosh
0%
Wendy Wristlet
0%
Whistle Wilma
0%
Whitney Mystery
0%
Whitney Watering Can
0%
Whitney Whisk
0%
Wilbur Whipped Cream
0%
Wild Berry Benny
0%
Wild Carrot
0%
Will Barrow
0%
Will Dill Spears
0%
Willy Wafer
0%
Wilma Wedge
0%
Winkle
0%
Winnie Award
0%
Winnie Window Box
0%
Winona Waffles
0%
Winona Wedding Cake
0%
Winston Waffle
0%
Wise Fry
0%
Wishes
0%
Witchy Hat
0%
Wizzy Wheel
0%
Wobbles
0%
Wonda Wedding Cake
0%
Woody Garden Chair
0%
Wooly Hat
0%
Wrapper T
0%
Wynola Wings
0%
Wynter Water Bottle
0%
Ying Yuan
0%
Yo-Chi
0%
Yoko Kimono
0%
Yol Yogurt
0%
Yumcha Dumplings
0%
Yum Gum Lantern
0%
Yumi Parfait
0%
Yummy Gum
0%
Yummy Gummi Ring
0%
Yummy Sundae
0%
Yvonne Scone
0%
Zappy Microwave
0%
Zara Star
0%
Zen Temple
0%
Zesty Sundae
0%
Zippy Lime Bag
0%
No matching quizzes found
Score Distribution
Percent of People with Each Score
Percentile by Number Answered
Your Score History
You have not taken this quiz